000
00341nam a2200145Ia 4500
999
_c
14183
_d
14183
003
OSt
005
20260214125839.0
008
260210s9999 xx 000 0 und d
020
_a
9787568011877
082
_a
712
100
_a
Hustp
245
0
_a
100 Landscape Design: Commerce Residence Education
260
_b
Hustp
942
_c
BPLAN
_2
ddc